A néptánc népszerűsítésének hatása a Z generációra

Bibliográfiai részletek
Szerző: Tóth Loretta
További közreműködők: Zarándné Dr. Vámosi Kornélia Erzsébet
Dokumentumtípus: TDK dolgozat
Kulcsszavak:digitalizáció
fiatalok
hagyományok
néptánc
Z generáció
Online Access:http://dolgozattar.uni-bge.hu/60508

MARC

LEADER 00000nta a2200000 i 4500
001 dolg60508
005 20260416073826.0
008 260416suuuu hu o 000 hun d
040 |a BGE Dolgozattár Repozitórium  |b hun 
041 |a hu 
100 1 |a Tóth Loretta 
245 1 2 |a A néptánc népszerűsítésének hatása a Z generációra  |c Tóth Loretta  |h [elektronikus dokumentum] 
516 |a Students_Scientific_Association_paper 
520 3 |a A dolgozat célja annak feltárása, hogy a néptánc milyen hatással van a Z generáció tagjaira, akik a digitalizáció és a globális trendek által meghatározott környezetben szocializálódnak. A kutatás arra keresi a választ, hogy miként viszonyulnak a fiatalok a hagyományos népi kultúrához, hogyan lehet a néptáncot számukra vonzóvá és elérhetővé tenni a digitális korban.A vizsgálat középpontjában a hagyomány és a technológia találkozása áll. A dolgozat célja annak bemutatása, hogy a néptánc – mint kulturális és közösségformáló tevékenység – hogyan tudja megőrizni relevanciáját a Z generáció körében. A kutatás alapját egy kvantitatív kérdőíves felmérés képezi, amelyet 1995 és 2010 között született fiatalok körében végeztem, online formában.A felmérésben főként 18–28 év közötti válaszadók vettek részt, akik közül a többség nő és városi környezetben él. Az eredmények alapján a megkérdezettek nagy része értékes kulturális örökségként tekint a néptáncra, ugyanakkor kevesen vesznek részt benne aktívan. A válaszadók többsége ritkán találkozik néptáncos tartalommal a közösségi médiában, de a többség nyitott lenne rövid, modern formában bemutatott néptáncos videókra, különösen a TikTok és az Instagram felületein. Az online formában elérhető, rövid oktatóvideók és közösségi kihívások iránt a kitöltők közel fele érdeklődést mutatott. Az eredmények szerint a közösségi élmény és a vizuálisan vonzó tartalom a legfontosabb motiváló tényezők, míg az influencerek hatása mérsékeltnek bizonyult.Összegzésként elmondható, hogy a Z generáció nyitott a hagyományos kultúra modern, digitális eszközökkel történő újraértelmezésére. A néptánc akkor válhat számukra igazán vonzóvá, ha azt közvetlen, interaktív és élményalapú módon kommunikálják. A kutatás eredményei hozzájárulhatnak a néptánc korszerű népszerűsítéséhez, valamint ahhoz, hogy a hagyományos értékek új formában, de hitelesen maradjanak jelen a fiatal generáció életében. 
695 |a digitalizáció 
695 |a fiatalok 
695 |a hagyományok 
695 |a néptánc 
695 |a Z generáció 
700 1 |a Zarándné Dr. Vámosi Kornélia Erzsébet  |e ths 
856 4 0 |u http://dolgozattar.uni-bge.hu/60508/1/T%C3%B3th%20Loretta-M%C3%9CKK_A%20n%C3%A9pt%C3%A1nc%20n%C3%A9pszer%C5%B1s%C3%ADt%C3%A9s%C3%A9nek%20hat%C3%A1sa%20a%20Z%20gener%C3%A1ci%C3%B3ra.pdf  |z Dokumentum-elérés 
856 4 0 |u http://dolgozattar.uni-bge.hu/60508/2/T%C3%B3th%20Loretta_M%C3%9CKK.pdf  |z Dokumentum-elérés 
856 4 0 |u http://dolgozattar.uni-bge.hu/60508/3/T%C3%B3th%20Loretta_M%C3%9CKK.docx  |z Dokumentum-elérés 
856 4 0 |u http://dolgozattar.uni-bge.hu/60508/4/T%C3%B3th%20Loretta-M%C3%9CKK-Szerz%C5%91i%20hozz%C3%A1j%C3%A1rul%C3%A1s%20nyilatkozat.pdf  |z Dokumentum-elérés 
856 4 0 |u http://dolgozattar.uni-bge.hu/60508/5/05_Dolgozat_biralat%20T%C3%B3th%20Loretta.doc  |z Dokumentum-elérés 
856 4 0 |u http://dolgozattar.uni-bge.hu/60508/6/T%C3%B3th%20Loretta_M%C3%9CKK_Dolgozat_biralati_lap_2025_HU.pdf  |z Dokumentum-elérés